[Event "34th Chess Olympiad (men)"]
[Site "Istanbul"]
[Date "2000.11.06"]
[Round "9.29.4"]
[White "Van, Beers Eddy"]
[Black "Dias, Paulo"]
[WhiteElo "2346"]
[BlackElo "2302"]
[WhiteCountry "BEL"]
[BlackCountry "POR"]
[Result "0-1"]

1. d4 d6 2. c4 f5 3. Nf3 Nf6 4. g3 g6 5. Bg2 Bg7 6. O-O O-O 7. Nc3 Qe8 8. d5 c6 
9. Rb1 Bd7 10. b4 Na6 11. Nd4 c5 12. bxc5 Nxc5 13. Ba3 Rc8 14. Bxc5 Rxc5 
15. Rxb7 Rxc4 16. Qd3 Qc8 17. Rb8 Qc5 18. Nb3 Qc7 19. Rb7 Qxb7 20. Qxc4 Rc8 
21. Qd3 Qb4 22. Nb1 Ne4 23. Bxe4 fxe4 24. Qd2 Qb5 25. Qe3 Qxd5 26. Qxa7 Bh3 
27. Re1 Rc2 28. Qxe7 Rxe2 29. Rc1 e3 30. f3 Qxf3 31. Qe8+ Bf8 
0-1

[Event "34th Chess Olympiad (men)"]
[Site "Istanbul"]
[Date "2000.11.06"]
[Round "9.30.1"]
[White "Bin Sattar, Reefat"]
[Black "Aleksandrov, Aleksej"]
[WhiteElo "2467"]
[BlackElo "2591"]
[WhiteCountry "BAN"]
[BlackCountry "BLR"]
[Result "0-1"]

1. e4 e5 2. Nf3 Nc6 3. Bc4 Bc5 4. c3 Nf6 5. d3 a6 6. O-O Ba7 7. Bb3 O-O 
8. Re1 d6 9. Nbd2 Ng4 10. Re2 Kh8 11. h3 Nh6 12. Nf1 f5 13. d4 Qf6 
14. dxe5 dxe5 15. Be3 f4 16. Bxa7 Rxa7 17. Rd2 Na5 18. N1h2 Ra8 19. Rd5 Nxb3 
20. axb3 Re8 21. c4 b6 22. Qc2 Bb7 23. Rd2 Nf7 24. Rad1 a5 25. Re1 Qe7 
26. Ng4 c5 27. Red1 Bc6 28. Rd5 Bxd5 29. Rxd5 Qc7 30. Qc3 Rad8 31. Ngxe5 Nxe5 
32. Rxe5 Rxe5 33. Nxe5 Kg8 34. Nf3 Qe7 35. Qc2 Qd6 36. Qc3 Qd1+ 37. Kh2 Re8 
38. e5 h6 39. Ne1 Rd8 40. e6 Qe2 
0-1

[Event "34th Chess Olympiad (men)"]
[Site "Istanbul"]
[Date "2000.11.06"]
[Round "9.30.3"]
[White "Al Rakib, Abdullah"]
[Black "Dydyshko, Viacheslav"]
[WhiteElo "2386"]
[BlackElo "2525"]
[WhiteCountry "BAN"]
[BlackCountry "BLR"]
[Result "0-1"]

1. d4 Nf6 2. Nf3 e6 3. c4 d5 4. Nc3 dxc4 5. e4 Bb4 6. e5 Nd5 7. Bd2 Nb6 
8. a3 Be7 9. Ne4 Bd7 10. Be2 Bc6 11. Qc2 Bd5 12. O-O Qd7 13. Be3 Qa4 
14. Qb1 Qc6 15. Ned2 Qd7 16. Rc1 Nc6 17. Nxc4 Nxc4 18. Bxc4 O-O 19. Bxd5 Qxd5 
20. Rd1 a5 21. Bg5 h6 22. Bxe7 Nxe7 23. Qc2 Qd7 24. Qe4 b6 25. Rac1 Rfd8 
26. Rd2 Rac8 27. h3 Qd5 28. Qxd5 Rxd5 29. Rdc2 c6 30. Kf1 Rb5 31. Ke2 Rd8 
32. Rd1 Kf8 33. Rd3 Ke8 34. Nd2 Rbd5 35. Nf3 c5 36. Rcd2 c4 37. Rc3 b5 
38. a4 Rc8 39. Rdc2 bxa4 40. Ra3 Rb5 41. Rxa4 Nd5 42. Kd2 Rb3 43. Raxc4 Rxc4 
44. Rxc4 Rxb2+ 45. Rc2 Rxc2+ 46. Kxc2 Kd7 47. Kb3 Kc6 48. Ka4 Nf4 49. Kxa5 Nxg2 
50. Kb4 Nf4 
0-1

[Event "34th Chess Olympiad (men)"]
[Site "Istanbul"]
[Date "2000.11.06"]
[Round "9.30.4"]
[White "Azarov, Sergei"]
[Black "Hossain, Rajib"]
[WhiteElo "2420"]
[BlackElo "2314"]
[WhiteCountry "BLR"]
[BlackCountry "BAN"]
[Result "1-0"]

1. e4 c5 2. Nf3 Nc6 3. c3 Nf6 4. e5 Nd5 5. d4 cxd4 6. Bc4 Nb6 7. Bb3 d6 
8. exd6 Qxd6 9. O-O Be6 10. Bxe6 Qxe6 11. Nxd4 Nxd4 12. Qxd4 Rd8 13. Qh4 Qc4 
14. Qxc4 Nxc4 15. b3 Ne5 16. Be3 a6 17. c4 Rd3 18. Na3 e6 19. Nc2 Kd7 
20. Ne1 Rxe3 21. fxe3 Bc5 22. Nc2 f5 23. h3 g5 24. Kf2 Ke7 25. Ke2 h5 
26. Rac1 h4 27. b4 Ba7 28. c5 Nd7 29. Nd4 Nf6 30. Rfd1 Rc8 31. a3 Ne4 
32. Kf3 Rg8 33. c6 Bxd4 34. exd4 bxc6 35. Rxc6 g4+ 36. hxg4 Rxg4 37. d5 Kd7 
38. Rxa6 e5 39. Ra7+ Kd6 40. Ra6+ Kd7 41. Rh1 Rg3+ 42. Ke2 Rxg2+ 43. Ke1 Rg4 
44. Rh6 Ng5 45. Rf1 f4 46. b5 Rg3 47. Kd1 Rxa3 48. Kc2 Ne4 49. b6 Nc5 
50. Rg1 Rg3 51. Ra1 Rg2+ 52. Kc3 Ne4+ 53. Kb3 
1-0

[Event "34th Chess Olympiad (men)"]
[Site "Istanbul"]
[Date "2000.11.06"]
[Round "9.31.1"]
[White "Campora, Daniel H"]
[Black "Salmensuu, Olli"]
[WhiteElo "2526"]
[BlackElo "2458"]
[WhiteCountry "ARG"]
[BlackCountry "FIN"]
[Result "1-0"]

1. e4 c5 2. Nf3 d6 3. d4 cxd4 4. Qxd4 Nc6 5. Bb5 Bd7 6. Bxc6 Bxc6 7. c4 Nf6 
8. Nc3 e6 9. O-O Be7 10. b3 O-O 11. Bb2 a6 12. Qd3 Qa5 13. Nd4 Rfd8 
14. Rad1 Be8 15. a4 Nd7 16. Rfe1 Bf6 17. Nce2 Be5 18. Bc3 Qb6 19. a5 Qc7 
20. Qe3 Nf8 21. f4 Bf6 22. Ng3 e5 23. Nh5 exd4 24. Nxf6+ gxf6 25. Qg3+ Ng6 
26. Rxd4 d5 27. exd5 Bd7 28. d6 Qc5 29. b4 Qh5 30. Rd5 f5 31. Bb2 Re8 
32. Re7 Kf8 33. Rxd7 Re2 34. Qc3 Qh6 35. Qf6 Rxg2+ 36. Kxg2 Nxf4+ 37. Kh1 
1-0

[Event "34th Chess Olympiad (men)"]
[Site "Istanbul"]
[Date "2000.11.06"]
[Round "9.31.2"]
[White "Karttunen, Mika"]
[Black "Giaccio, Alfredo"]
[WhiteElo "2399"]
[BlackElo "2505"]
[WhiteCountry "FIN"]
[BlackCountry "ARG"]
[Result "0-1"]

1. d4 d5 2. c4 dxc4 3. Nf3 Nf6 4. e3 e6 5. Bxc4 c5 6. O-O Nc6 7. Qe2 cxd4 
8. Rd1 Be7 9. exd4 O-O 10. a3 b6 11. Nc3 Bb7 12. d5 exd5 13. Nxd5 Nxd5 
14. Bxd5 Qc7 15. Be3 Rac8 16. Rac1 Bf6 17. Qb5 Rfd8 18. Ng5 Bxg5 19. Bxg5 Rd7 
20. Be4 Rxd1+ 21. Rxd1 Re8 22. Bf3 a6 23. Qc4 Qe5 24. Bf4 Qf6 25. Bg3 Na5 
26. Qa4 Qe6 27. h4 Bxf3 28. gxf3 Qe2 29. Rd2 Qe1+ 30. Kg2 h6 31. Rd7 b5 
32. Qf4 Qe6 33. Rd6 Qc8 34. Qd4 Nc4 35. Rd7 Qc6 36. Rc7 Qe6 37. b3 Nxa3 
38. Qb4 Nb1 39. Rc1 Qf5 40. Qd6 Rc8 41. Re1 Rc3 42. Qd1 Na3 43. Re5 Qd3 
44. Re8+ Kh7 45. Qxd3+ Rxd3 46. b4 Nc2 47. Re7 f6 48. Re4 Rd4 49. Rxd4 Nxd4 
50. h5 g6 
0-1

[Event "34th Chess Olympiad (men)"]
[Site "Istanbul"]
[Date "2000.11.06"]
[Round "9.31.3"]
[White "Soppe, Guillermo"]
[Black "Kallio, Heikki"]
[WhiteElo "2471"]
[BlackElo "2451"]
[WhiteCountry "ARG"]
[BlackCountry "FIN"]
[Result "1/2-1/2"]

1. d4 e6 2. c4 d5 3. Nc3 f5 4. Bf4 Nf6 5. e3 Be7 6. h3 c6 7. Nf3 O-O 8. Qc2 Ne4 
9. Be2 b6 10. Ne5 Bb7 11. Nxe4 fxe4 12. O-O c5 13. Bg4 Qc8 14. cxd5 Bxd5 
15. f3 exf3 16. e4 Nc6 17. Nxf3 Nb4 18. Qe2 h5 19. Bxh5 Rxf4 20. exd5 Nxd5 
21. Ne5 Bd6 22. Bg6 cxd4 23. Qh5 Bxe5 24. Bh7+ Kf8 25. Qxe5 Rf6 26. Be4 Qc5 
27. Rxf6+ gxf6 28. Qxe6 Rd8 29. Bxd5 d3+ 30. Kh1 Qxd5 31. Qxf6+ Kg8 
32. Qg6+ Kh8 33. Qh6+ Kg8 34. Qg6+ Kh8 35. Qf6+ Kg8 36. Rd1 Rd6 37. Qf3 Qxf3 
38. gxf3 Rc6 39. Rxd3 Rc1+ 40. Kg2 Rc2+ 41. Kg3 Rxb2 42. Rd8+ Kf7 43. Rd7+ Kf6 
44. Rxa7 b5 45. Ra6+ Kg7 46. Kg4 b4 47. Ra7+ Kg8 48. f4 b3 49. axb3 Rxb3 
50. Rd7 Kf8 51. h4 Rb5 52. h5 Kg8 53. Kh4 Rf5 54. Kg4 Ra5 55. Re7 Rb5 
56. f5 Rb1 57. Kg5 Rb6 58. Re6 Rb7 59. Rg6+ Kh7 60. Rh6+ Kg8 61. Rd6 Kg7 
62. Re6 Ra7 63. Rc6 Rb7 64. Kf4 Rb1 65. h6+ Kh7 66. Rd6 Ra1 67. Kg5 Ra7 
68. Kf4 Ra1 69. Ke5 Ra7 70. Kd5 Ra5+ 71. Ke6 Kxh6 72. Kf7+ Kh7 73. f6 Ra7+ 
74. Kf8 Ra8+ 75. Ke7 Kg8 76. Rd7 Rb8 77. Ke6 Rb6+ 78. Kf5 Rb1 
1/2-1/2

[Event "34th Chess Olympiad (men)"]
[Site "Istanbul"]
[Date "2000.11.06"]
[Round "9.31.4"]
[White "Holmsten, Aleksei"]
[Black "Bertona, Fernando"]
[WhiteElo "2383"]
[BlackElo "2405"]
[WhiteCountry "FIN"]
[BlackCountry "ARG"]
[Result "1-0"]

1. e4 c5 2. Nf3 e6 3. d4 cxd4 4. Nxd4 a6 5. Bd3 g6 6. O-O Bg7 7. c3 Ne7 
8. f4 Nbc6 9. Nf3 d6 10. a4 O-O 11. Nbd2 Rb8 12. Qe2 b5 13. axb5 axb5 
14. Nb3 e5 15. f5 gxf5 16. exf5 f6 17. Nh4 d5 18. Be3 b4 19. c4 d4 20. Bd2 Qe8 
21. Be4 Nd8 22. Rf3 Qh5 23. Qf2 Nf7 24. Rh3 Nd6 25. Bc2 Qf7 26. Nc5 b3 
27. Bd3 Nxc4 28. Ne6 Nxb2 29. Bb1 Bxe6 30. fxe6 Qxe6 31. Nf5 Rf7 32. Qh4 Nxf5 
33. Qxh7+ Kf8 34. Bxf5 Qb6 35. Rg3 Qc7 36. Rxg7 Rxg7 37. Bh6 Qf7 38. Qh8+ Qg8 
39. Bxg7+ Ke7 40. Qh6 Rb6 41. Bf8+ 
1-0

[Event "34th Chess Olympiad (men)"]
[Site "Istanbul"]
[Date "2000.11.06"]
[Round "9.32.1"]
[White "Egger, Jorge"]
[Black "Dive, Russell John"]
[WhiteElo "2433"]
[BlackElo "2414"]
[WhiteCountry "CHI"]
[BlackCountry "NZL"]
[Result "1-0"]

1. e4 Nf6 2. e5 Nd5 3. d4 d6 4. Nf3 c6 5. c4 Nc7 6. Nc3 g6 7. Bf4 Bg7 
8. exd6 exd6 9. Qe2+ Be6 10. Ne4 O-O 11. Nxd6 Bg4 12. Nxb7 Qc8 13. Nd6 Qd8 
14. O-O-O Nd7 15. Qd2 Rb8 16. b3 a5 17. Qxa5 Bxf3 18. gxf3 Ra8 19. Qd2 Ne6 
20. Be3 c5 21. d5 Nd4 22. Bxd4 Bxd4 23. Nb5 Bg7 24. Bd3 Qf6 25. Rhe1 Ne5 
26. Rxe5 Qxe5 27. a4 Qxh2 28. Kb1 h5 29. d6 Rad8 30. Be4 h4 31. Bd5 Kh7 
32. f4 Qh3 33. Ka2 Qf5 34. Rh1 Bf6 35. f3 Kg7 36. Be4 Qh5 37. a5 Ra8 
38. Bxa8 Rxa8 39. Rf1 h3 40. Nc7 h2 41. d7 h1=Q 42. Ne8+ Kh8 43. Rxh1 Qxh1 
44. Nxf6 Rd8 45. Qb2 Kg7 46. Qe5 Qd1 47. Ne4+ Kf8 48. Qxc5+ Kg7 49. Qe5+ Kf8 
50. Nd6 Qd2+ 51. Ka3 Ra8 52. Qe8+ Kg7 53. Qxa8 Qxd6+ 54. Kb2 Qd2+ 55. Ka3 Qd6+ 
56. b4 Qd3+ 57. Ka4 Qxd7+ 58. b5 Qd1+ 59. Kb4 Qd2+ 60. Kc5 Qe3+ 61. Kd6 Qxf4+ 
62. Kd7 Qxc4 63. Qc6 Qd4+ 64. Kc8 Qa7 65. a6 g5 66. Qb7 Qc5+ 67. Kb8 Qe5+ 
68. Ka8 Qe8+ 69. Ka7 Qe3+ 70. b6 Qd4 71. Qc6 Qe3 72. Ka8 Qa3 73. b7 
1-0

[Event "34th Chess Olympiad (men)"]
[Site "Istanbul"]
[Date "2000.11.06"]
[Round "9.32.2"]
[White "Martin, Benjamin"]
[Black "Silva, Sanchez Carlos"]
[WhiteElo "2377"]
[BlackElo "2407"]
[WhiteCountry "NZL"]
[BlackCountry "CHI"]
[Result "1-0"]

1. e4 c5 2. Nf3 d6 3. d4 cxd4 4. Nxd4 Nf6 5. Nc3 a6 6. f4 Nc6 7. Nf3 Nd7 
8. Bc4 e6 9. O-O Be7 10. Be3 b5 11. Bd3 Nc5 12. Bxc5 dxc5 13. a4 c4 
14. axb5 cxd3 15. bxc6 Qb6+ 16. Kh1 dxc2 17. Qxc2 Qxc6 18. Ne5 Qb7 19. Qa4+ Kf8 
20. f5 Qc7 21. Nxf7 Kxf7 22. fxe6+ Kg6 23. Nd5 Qd6 24. Ra3 Bg5 25. e5 Qxe6 
26. Qe4+ Kh6 27. Rh3+ Qxh3 28. gxh3 Bb7 29. h4 Bd2 30. Rd1 Bxd5 31. Qxd5 Rad8 
32. Qe4 g5 33. Ra1 a5 34. Qc6+ Kh5 35. hxg5 Bxg5 36. Qf3+ Kh6 37. Rg1 Rhf8 
38. Qh3+ Kg6 39. Qe6+ 
1-0

[Event "34th Chess Olympiad (men)"]
[Site "Istanbul"]
[Date "2000.11.06"]
[Round "9.32.4"]
[White "Wastney, Scott"]
[Black "Abarca, Manuel"]
[WhiteElo "2219"]
[BlackElo "2000"]
[WhiteCountry "NZL"]
[BlackCountry "CHI"]
[Result "1/2-1/2"]

1. Nf3 d5 2. d4 c5 3. c4 e6 4. cxd5 exd5 5. Nc3 Nc6 6. g3 Nf6 7. Bg2 Be7 
8. O-O O-O 9. dxc5 Bxc5 10. Na4 Be7 11. Be3 Re8 12. Rc1 Ne4 13. Nc3 Nxc3 
14. Rxc3 Bf6 15. Nd4 Ne5 16. Qb3 Nc4 17. Bxd5 Qxd5 18. Qxc4 Qh5 19. Qc5 Qg6 
20. Rd1 Bh3 21. Rcd3 b6 
1/2-1/2

[Event "34th Chess Olympiad (men)"]
[Site "Istanbul"]
[Date "2000.11.06"]
[Round "9.33.1"]
[White "Rodgaard, John"]
[Black "Johannessen, Leif Erlend"]
[WhiteElo "2351"]
[BlackElo "2422"]
[WhiteCountry "FAI"]
[BlackCountry "NOR"]
[Result "1/2-1/2"]

1. c4 e5 2. e3 Nf6 3. Nc3 Nc6 4. Nf3 Bb4 5. Qc2 O-O 6. d3 d5 7. cxd5 Nxd5 
8. Be2 Nxc3 9. bxc3 Bd6 10. e4 f5 11. Ng5 Qe8 12. exf5 Bxf5 13. O-O h6 
14. Ne4 Bxe4 15. dxe4 Bc5 16. Qb3+ Kh8 17. Qxb7 Qg6 18. Be3 Bxe3 19. fxe3 Qxe4 
20. Bf3 Qxe3+ 21. Kh1 e4 22. Qxc6 exf3 23. Rxf3 Qb6 24. Qd5 Rad8 25. Rxf8+ Rxf8 
26. Rd1 Qe3 27. Qc4 Qf4 28. Qxf4 Rxf4 29. Kg1 Rc4 
1/2-1/2

[Event "34th Chess Olympiad (men)"]
[Site "Istanbul"]
[Date "2000.11.06"]
[Round "9.33.2"]
[White "Elsness, Frode"]
[Black "Naes, Flovin Tor"]
[WhiteElo "2383"]
[BlackElo "2271"]
[WhiteCountry "NOR"]
[BlackCountry "FAI"]
[Result "1-0"]

1. d4 d5 2. c4 dxc4 3. e4 e5 4. Nf3 exd4 5. Bxc4 Bb4+ 6. Nbd2 Nc6 7. O-O Nf6 
8. e5 Ng4 9. h3 Nh6 10. Ne4 Nf5 11. Nfg5 Nh6 12. e6 O-O 13. Nxf7 Nxf7 
14. exf7+ Kh8 15. Qh5 Ne7 16. Bg5 Qd7 17. a3 Qf5 18. axb4 Ng6 19. Ng3 Qd7 
20. Rfe1 
1-0

[Event "34th Chess Olympiad (men)"]
[Site "Istanbul"]
[Date "2000.11.06"]
[Round "9.33.3"]
[White "Simonsen, Olavur"]
[Black "Lie, Kjetil A"]
[WhiteElo "2183"]
[BlackElo "2284"]
[WhiteCountry "FAI"]
[BlackCountry "NOR"]
[Result "1/2-1/2"]

1. e4 d5 2. exd5 Nf6 3. d4 Bg4 4. f3 Bf5 5. Bb5+ Nbd7 6. Nc3 a6 7. Bd3 Bxd3 
8. Qxd3 Nb6 9. Bd2 Nbxd5 10. Ne4 e6 11. O-O-O Qd7 12. Kb1 O-O-O 13. Ne2 Nb6 
14. Nxf6 gxf6 15. Qb3 Qc6 16. Bc1 Rg8 17. g4 Be7 18. Ng3 Nc4 19. Rhf1 Rd5 
20. Qd3 Rgd8 21. Qxh7 Na3+ 22. Ka1 Nxc2+ 23. Kb1 Nxd4 24. Be3 Qa4 25. Rxd4 Rxd4 
26. Bxd4 Qxd4 27. Qc2 Qf4 28. Qc1 Qxc1+ 29. Kxc1 Rh8 30. Rf2 Bc5 31. Rg2 Rh3 
32. Kd2 Bd6 33. Ke3 Bxg3 34. hxg3 Kd7 35. Kf4 Ke7 36. g5 fxg5+ 37. Kxg5 Rh1 
38. f4 Rd1 39. g4 Rd8 40. f5 e5 41. Rc2 c6 42. Re2 f6+ 43. Kh4 Rd1 44. Rg2 Rd3 
45. g5 Rf3 46. g6 Kf8 47. g7+ Kg8 48. Kh5 Rxf5+ 49. Kg6 Rg5+ 50. Rxg5 fxg5 
51. Kxg5 Kxg7 52. Kf5 Kf7 53. Kxe5 Ke7 54. Kd4 Kd6 55. b4 b6 56. Kc4 c5 
57. bxc5+ bxc5 58. Kc3 Kd5 59. Kd3 c4+ 60. Kc3 Kc5 61. Kc2 Kb4 62. Kb2 Kc5 
63. Kc3 Kb5 64. Kc2 a5 65. Kc3 Kc5 66. Kc2 Kd4 67. Kd2 Kc5 68. Kc3 Kb5 
69. Kc2 Kb4 70. Kb2 a4 71. Kc2 Ka3 72. Kb1 Kb4 73. Kb2 Kc5 74. Kc3 Kd5 
75. Kc2 Kd4 76. Kd2 c3+ 77. Kc2 Kc4 78. Kd1 Kd3 79. Kc1 
1/2-1/2

[Event "34th Chess Olympiad (men)"]
[Site "Istanbul"]
[Date "2000.11.06"]
[Round "9.33.4"]
[White "Trygstad, Kristian"]
[Black "Nolsoe, Eydun"]
[WhiteElo "2248"]
[BlackElo "2226"]
[WhiteCountry "NOR"]
[BlackCountry "FAI"]
[Result "1-0"]

1. e4 c5 2. Nc3 Nc6 3. f4 d6 4. Nf3 g6 5. Bc4 Bg7 6. O-O Nf6 7. d3 O-O 
8. Qe1 a6 9. a4 e6 10. f5 d5 11. Ba2 d4 12. Ne2 exf5 13. Qh4 Ng4 14. Bg5 Bf6 
15. exf5 Bxf5 16. h3 h6 17. Bxf6 Nxf6 18. Qxh6 Qd6 19. Ng5 Rae8 20. Rxf5 gxf5 
21. Qg6+ Kh8 22. Bxf7 
1-0

[Event "34th Chess Olympiad (men)"]
[Site "Istanbul"]
[Date "2000.11.06"]
[Round "9.34.1"]
[White "Dervishi, Erald"]
[Black "Hamdouchi, Hichem"]
[WhiteElo "2478"]
[BlackElo "2541"]
[WhiteCountry "ALB"]
[BlackCountry "MAR"]
[Result "1-0"]

1. e4 c5 2. Nf3 e6 3. d4 cxd4 4. Nxd4 a6 5. Bd3 g6 6. c4 Bg7 7. Be3 d6 
8. O-O Nf6 9. Nc3 O-O 10. Rc1 b6 11. f3 Bb7 12. Qd2 Qc7 13. Rfd1 Nbd7 
14. Bf1 Rfd8 15. b4 Rac8 16. Nb3 Bf8 17. Qf2 Ba8 18. a3 Qb7 19. Na4 Rb8 
20. Rc2 h5 21. Rcd2 Qc7 22. Bf4 e5 23. Be3 Rdc8 24. Rc1 Qd8 25. Nc3 Rc6 
26. Rdc2 Rbc8 27. Nd5 b5 28. Na5 Rxc4 29. Nxf6+ Nxf6 30. Nxc4 bxc4 31. Bxc4 Bb7 
32. Bb6 Qe8 33. Bb3 Rxc2 34. Qxc2 d5 35. Qc7 Qa8 36. Qd8 
1-0

[Event "34th Chess Olympiad (men)"]
[Site "Istanbul"]
[Date "2000.11.06"]
[Round "9.34.2"]
[White "Tissir, Mohamed"]
[Black "Rama, Lorenc"]
[WhiteElo "2342"]
[BlackElo "2316"]
[WhiteCountry "MAR"]
[BlackCountry "ALB"]
[Result "1-0"]

1. e4 g6 2. d4 Bg7 3. Nc3 d6 4. Be3 a6 5. a4 b6 6. Nf3 Bb7 7. Bd3 Nd7 8. Qd2 h6 
9. O-O e6 10. h3 Ne7 11. Ne2 Nf6 12. Ng3 d5 13. e5 Ne4 14. Qe1 Nf5 
15. Nxf5 gxf5 16. Nd2 c5 17. c3 Qe7 18. Bxe4 dxe4 19. Nc4 cxd4 20. Nd6+ Kf8 
21. cxd4 Bd5 22. Qd2 f6 23. Bf4 fxe5 24. dxe5 Kg8 25. Nxf5 exf5 26. Qxd5+ Kh7 
27. e6 Qc5 28. Qb7 Rae8 29. Rac1 Re7 30. Qxa6 Qd5 31. Rfd1 Qxe6 32. Rd6 Qb3 
33. Rxb6 Qd3 34. Rxh6+ 
1-0

[Event "34th Chess Olympiad (men)"]
[Site "Istanbul"]
[Date "2000.11.06"]
[Round "9.34.3"]
[White "Pustina, Ylvi"]
[Black "Onkoud, Abdelaziz"]
[WhiteElo "2286"]
[BlackElo "2309"]
[WhiteCountry "ALB"]
[BlackCountry "MAR"]
[Result "1/2-1/2"]

1. d4 Nf6 2. c4 e6 3. g3 d5 4. Bg2 Be7 5. Nf3 O-O 6. O-O c5 7. cxd5 exd5 
8. Nc3 Nc6 9. Bg5 cxd4 10. Nxd4 h6 11. Be3 Re8 12. Nb3 Be6 13. Rc1 Rc8 
14. Nb5 b6 15. N3d4 Nxd4 16. Bxd4 Qd7 17. Nc3 Red8 18. Qd3 Ne4 19. Rfd1 Bf5 
20. Qa6 Bg5 21. e3 Bg4 22. f3 Nxc3 23. Rxc3 Rxc3 24. bxc3 Be6 25. Re1 Rc8 
26. Bf1 Be7 27. Qb5 Qc7 28. Qb2 Bc5 29. Bd3 Bxd4 30. cxd4 Qc3 31. Qxc3 Rxc3 
32. Rd1 Bd7 33. e4 Be6 34. e5 Kf8 35. Kf2 Ke7 36. Rd2 Bd7 37. Ke2 b5 38. Rb2 a6 
39. h4 h5 40. Rb3 Rc1 41. Rb1 Rc3 42. Rb3 Rc1 43. Rb1 Rxb1 44. Bxb1 b4 
45. Bd3 a5 46. Kd2 a4 47. Kc2 g6 48. Kb2 Kd8 49. a3 b3 50. Be2 Ke7 
1/2-1/2

[Event "34th Chess Olympiad (men)"]
[Site "Istanbul"]
[Date "2000.11.06"]
[Round "9.35.1"]
[White "Ghaem, Maghami Ehsan"]
[Black "De La Riva Aguado, Oscar"]
[WhiteElo "2488"]
[BlackElo "2462"]
[WhiteCountry "IRI"]
[BlackCountry "AND"]
[Result "1/2-1/2"]

1. d4 f5 2. g3 Nf6 3. Bg2 g6 4. c4 Bg7 5. Nc3 O-O 6. Nf3 d6 7. O-O Nc6 
8. d5 Ne5 9. Nxe5 dxe5 10. c5 h6 11. Qb3 Kh8 12. Rd1 a6 13. Qc4 g5 14. h4 Nh7 
15. hxg5 hxg5 16. g4 fxg4 17. Ne4 Qe8 18. b4 Bd7 19. c6 bxc6 20. dxc6 Bxc6 
21. Nxg5 e4 22. Nxh7 Kxh7 23. Bxe4+ Bxe4 24. Qxe4+ Qg6 25. Qxg6+ Kxg6 
26. Rb1 Be5 
1/2-1/2

[Event "34th Chess Olympiad (men)"]
[Site "Istanbul"]
[Date "2000.11.06"]
[Round "9.35.2"]
[White "Gallego Martinez, Ruben"]
[Black "Bagheri, Amir"]
[WhiteElo "2313"]
[BlackElo "2409"]
[WhiteCountry "AND"]
[BlackCountry "IRI"]
[Result "1-0"]

1. e4 c6 2. d4 d5 3. Nc3 dxe4 4. Nxe4 Nf6 5. Nxf6+ gxf6 6. Nf3 Bg4 7. Be2 e6 
8. O-O Nd7 9. c4 Nb6 10. Qb3 Qc7 11. a4 a5 12. Bf4 Qxf4 13. Qxb6 Rd8 
1-0

[Event "34th Chess Olympiad (men)"]
[Site "Istanbul"]
[Date "2000.11.06"]
[Round "9.35.3"]
[White "Mahjoob, Morteza"]
[Black "Simonet, Marc"]
[WhiteElo "2337"]
[BlackElo "2295"]
[WhiteCountry "IRI"]
[BlackCountry "AND"]
[Result "1/2-1/2"]

1. e4 c5 2. Nf3 Nc6 3. Nc3 g6 4. g3 Bg7 5. Bg2 e5 6. O-O Nge7 7. d3 O-O 
8. Ne1 d6 9. f4 exf4 10. gxf4 f5 11. Be3 Nd4 12. Qd2 Bd7 13. Nd1 Bc6 14. c3 Ne6 
15. c4 a6 16. Rc1 b5 17. b3 b4 18. Nc2 a5 19. d4 Bxe4 20. Bxe4 fxe4 21. d5 Nc7 
22. Qg2 Re8 23. Qxe4 Nexd5 24. Qg2 Ne7 25. Bf2 Nf5 26. Nde3 Nxe3 27. Nxe3 a4 
28. f5 axb3 29. axb3 Ra2 30. Qg4 Qd7 31. Rcd1 Kh8 32. fxg6 Re6 33. Kh1 Qe8 
34. Nd5 Nxd5 35. Rxd5 Rxg6 36. Rg5 Rxg5 37. Qxg5 Qe4+ 38. Kg1 Ra8 39. Qd5 Qxd5 
40. cxd5 Ra1 41. Bg3 Bd4+ 42. Kg2 Rxf1 43. Kxf1 c4 44. Ke2 cxb3 45. Kd1 Bc5 
46. Kc1 Kg7 47. Kb2 Kf6 48. Kxb3 Kf5 49. Kc4 Ke4 50. Bh4 h5 51. Bg5 Bg1 
52. h3 Bd4 53. Kxb4 Kxd5 54. Kb3 Ke4 55. Kc2 Be3 56. Be7 d5 57. Kd1 Kf3 
58. Ke1 d4 59. Kf1 d3 60. Ke1 Kg3 61. h4 Kg4 62. Kd1 Bf4 63. Bd8 Bg3 
64. Kd2 Bxh4 65. Ba5 Bg5+ 
1/2-1/2

[Event "34th Chess Olympiad (men)"]
[Site "Istanbul"]
[Date "2000.11.06"]
[Round "9.35.4"]
[White "Santamaria, V"]
[Black "Mallahi, Amir"]
[WhiteElo "2214"]
[BlackElo "2389"]
[WhiteCountry "AND"]
[BlackCountry "IRI"]
[Result "0-1"]

1. e4 c5 2. d3 g6 3. g3 Bg7 4. Bg2 e6 5. f4 d5 6. e5 Ne7 7. Nf3 O-O 8. O-O Nbc6 
9. c3 b6 10. Be3 Ba6 11. Bf2 Qd7 12. Re1 Rad8 13. Na3 d4 14. c4 Nf5 15. Qe2 Bb7 
16. Ng5 Ne3 17. Bf3 f6 18. exf6 Bxf6 19. Ne4 Bg7 20. Nc2 e5 21. Nxe3 dxe3 
22. Bxe3 exf4 23. Bg4 Qxd3 24. Bxf4 Qxe2 25. Bxe2 Bd4+ 26. Kf1 Nb4 27. Bd1 Bxe4 
28. Rxe4 g5 
0-1

[Event "34th Chess Olympiad (men)"]
[Site "Istanbul"]
[Date "2000.11.06"]
[Round "9.36.1"]
[White "Arduman, Can"]
[Black "Mas, Hafizul Hilmi"]
[WhiteElo "2397"]
[BlackElo "2441"]
[WhiteCountry "TURA"]
[BlackCountry "MAS"]
[Result "0-1"]

1. d4 Nf6 2. Nf3 g6 3. c4 Bg7 4. Nc3 O-O 5. Bf4 d6 6. h3 Nbd7 7. e3 b6 
8. Be2 Bb7 9. O-O Re8 10. Qc2 e5 11. dxe5 dxe5 12. Bg5 h6 13. Bh4 e4 14. Nd4 a6 
15. Rfd1 c5 16. Nb3 Bc6 17. a4 Qb8 18. Rd2 Re6 19. a5 b5 20. Rad1 Bf8 
21. Nd5 Ne8 22. Bg3 Qa7 23. h4 f5 24. Nf4 Rf6 25. Nd5 Re6 26. Nc3 b4 
27. Nd5 Rc8 28. Nf4 Rf6 29. Nd5 Rf7 30. Nf4 Kh7 31. h5 g5 32. Ng6 Bg7 
33. f3 Nef6 34. Ne5 Nxe5 35. Bxe5 Nxh5 36. Bxg7 Nxg7 37. fxe4 Bxe4 38. Bd3 Re8 
39. Bxe4 Rxe4 40. Rd5 Rxe3 41. Nxc5 Rfe7 42. Qf2 f4 43. Qc2+ Kh8 44. Kh1 f3 
45. gxf3 Qc7 46. Rd8+ Ne8 47. Ne4 Qf4 48. Qg2 Rxf3 49. Nxg5 Qh4+ 50. Qh2 Re1+ 
51. Rxe1 Qxe1+ 52. Qg1 Qh4+ 53. Qh2 Rf1+ 
0-1

[Event "34th Chess Olympiad (men)"]
[Site "Istanbul"]
[Date "2000.11.06"]
[Round "9.36.2"]
[White "Mok, Tze-Meng"]
[Black "Soylu, Suat"]
[WhiteElo "2308"]
[BlackElo "2345"]
[WhiteCountry "MAS"]
[BlackCountry "TURA"]
[Result "0-1"]

1. e4 c5 2. Nc3 Nc6 3. f4 g6 4. Nf3 Bg7 5. Bc4 e6 6. O-O Nge7 7. e5 d6 
8. exd6 Qxd6 9. Ne4 Qc7 10. d3 O-O 11. Qe1 h6 12. Ne5 Nf5 13. Ng4 Ncd4 
14. Bb3 a5 15. c3 Nxb3 16. axb3 b6 17. Ngf6+ Kh8 18. g4 Qd8 19. g5 Qxd3 
20. gxh6 Bxh6 21. Ng5 Bb7 22. Nfe4 f6 23. Nxf6 Rxf6 24. Qe5 Bg7 
0-1

[Event "34th Chess Olympiad (men)"]
[Site "Istanbul"]
[Date "2000.11.06"]
[Round "9.36.3"]
[White "Karadeniz, Emre"]
[Black "Wong, Zi Jing"]
[WhiteElo "2278"]
[BlackElo "2300"]
[WhiteCountry "TURA"]
[BlackCountry "MAS"]
[Result "1-0"]

1. d4 Nf6 2. Nf3 c5 3. d5 g6 4. Nc3 d6 5. e4 Bg7 6. Bb5+ Bd7 7. a4 O-O 
8. O-O a6 9. Be2 b6 10. h3 Qc7 11. Bf4 Qb7 12. e5 Ne8 13. Re1 dxe5 14. Nxe5 Nd6 
15. Bf3 Ra7 16. g4 Rd8 17. Qe2 Bf8 18. Kg2 Be8 19. Ne4 f6 20. Nc4 Nxc4 
21. Qxc4 Bf7 22. Rad1 Nd7 23. Qe2 Qc8 24. c4 Bg7 25. b3 a5 26. Nc3 Nf8 
27. Nb5 Rad7 28. Bg3 Kh8 29. h4 Bg8 30. g5 Bf7 31. Bg4 Qb7 32. Bxd7 Rxd7 
33. gxf6 Bxf6 34. Be5 Kg7 35. Qf3 h6 36. Bxf6+ exf6 37. Rd3 Rd8 38. Rde3 Rd7 
39. Qe2 g5 40. hxg5 hxg5 41. Qg4 Ng6 42. Nc3 Rd8 43. Kg1 Qc7 44. Ne4 Nh4 
45. Ng3 Rh8 46. Re7 Qb8 47. Nh5+ Kg6 48. Nxf6 Qf4 49. Qxf4 gxf4 50. Nd7 Nf3+ 
51. Kg2 Nxe1+ 52. Rxe1 Kg5 53. Re5+ Kg4 54. Nf6+ Kh4 55. Kf3 Rh6 56. Rf5 Bg6 
57. Rxf4+ Kg5 58. Ne4+ Bxe4+ 59. Kxe4 Rh1 60. Rf5+ Kg6 61. Re5 
1-0

[Event "34th Chess Olympiad (men)"]
[Site "Istanbul"]
[Date "2000.11.06"]
[Round "9.36.4"]
[White "Ismail, Ahmad"]
[Black "Atakisi, Umut"]
[WhiteElo "2068"]
[BlackElo "2258"]
[WhiteCountry "MAS"]
[BlackCountry "TURA"]
[Result "0-1"]

1. d4 Nf6 2. Nf3 g6 3. Bg5 Bg7 4. Nbd2 d5 5. e3 O-O 6. Be2 c5 7. O-O cxd4 
8. exd4 Nc6 9. c3 Bf5 10. Re1 h6 11. Bh4 g5 12. Bg3 Nh5 13. Qb3 Nxg3 
14. hxg3 Qd6 15. Nf1 e6 16. Ne3 Bg6 17. Bf1 Rab8 18. Ng4 f6 19. Qd1 b5 
20. Bd3 Bh5 21. Ne3 f5 22. Bc2 f4 23. Nf1 e5 24. dxe5 Nxe5 25. g4 Bxg4 
26. N1h2 Bh5 27. Be4 Rfd8 28. Qb3 Bf7 29. Nxe5 Bxe5 30. Bf5 Bg7 31. Qc2 b4 
32. Rad1 bxc3 33. bxc3 Qc5 34. Be6 Qxc3 35. Bxf7+ Kxf7 36. Qh7 Re8 
37. Rxe8 Rxe8 38. Qf5+ Qf6 39. Qxd5+ Qe6 40. Qc5 Re7 41. a4 Rd7 42. Rf1 Bd4 
43. Qc1 Qb3 44. Qc6 Qe6 45. Qc1 Kg7 46. Nf3 Bf6 47. Re1 Qd5 48. Nh2 h5 
49. Re8 Qd1+ 50. Re1 Qxc1 51. Rxc1 g4 52. Kf1 Kg6 53. Rc4 Be5 54. Ke1 Rb7 
55. Nf1 Rb1+ 56. Ke2 f3+ 57. gxf3 gxf3+ 58. Kxf3 Rxf1 59. Rc6+ Kf5 60. Kg2 Rd1 
61. Rh6 Kg5 62. Rh7 a5 63. Kh3 Rd3+ 64. Kg2 Rd4 65. Re7 Kf6 66. Rh7 h4 
67. Rh6+ Kg5 68. Re6 Kf5 
0-1